Statistics for All Florida Panthers Draft Picks

Click here to take the quiz!

General Stats

  • This quiz has been taken 4 times
  • The average score is 23 of 230

Answer Stats

PlayerYearRoundSelection% Correct
Barkov201312
100%
Denisenko2018115
100%
Ekblad201411
100%
Huberdeau201113
100%
Knight2019113
100%
Knight20095135
100%
Tippett2017110
100%
Ang2016494
50%
Bjugstad2010119
50%
Borgström2016123
50%
Brown1997120
50%
Brown20136152
50%
Crouse2015111
50%
Dadonov2007371
50%
Downing2013497
50%
Dvorak1995110
50%
Ellerby2007110
50%
Frolik2006110
50%
Gudbranson201013
50%
Howden2010125
50%
Hutsko2018389
50%
Inamoto20175133
50%
Krajicek2001124
50%
Lindmark20195137
50%
Ludvig2019369
50%
Mascherin2016238
50%
Matheson2012123
50%
McCoshen2013231
50%
Meireles20196168
50%
Niedermayer199315
50%
Noel2018234
50%
Olesz200417
50%
Schemitsch2015388
50%
Schwindt2019381
50%
Stillman20164114
50%
Trocheck2011364
50%
Wedman20197199
50%
Weegar20137206
50%
Worrell19957166
50%
Allen1996360
0%
Armstrong1993357
0%
Aston20066155
0%
Auld1999240
0%
Bachman20155132
0%
Bartkowski20087190
0%
Basaraba2010369
0%
Bearson20057224
0%
Beauvillier20126174
0%
Beaverson20049283
0%
Bednard20157206
0%
Bellissimo20025158
0%
Bengtsson2011259
0%
Berger20194106
0%
Birkholz2009367
0%
Blanár20019263
0%
Booth2004253
0%
Boudrias19948183
0%
Bouwmeester200213
0%
Boyd20107183
0%
Brickley2010250
0%
Brittain2010492
0%
Bruce20018231
0%
Buckles2013498
0%
Cabana19939213
0%
Calla2006373
0%
Campbell2002367
0%
Caruso20064103
0%
Cech1997356
0%
Charron19998227
0%
Cheverie20067193
0%
Clapperton20135122
0%
Cloutier19955114
0%
Collins2005390
0%
Comrie2008380
0%
Corey Syvret20076181
0%
Coté19979237
0%
Couture19967183
0%
Cowley2013492
0%
Delaney19976155
0%
Delnov20124114
0%
Demarco199310239
0%
Derlyuk20056164
0%
Dillon20049267
0%
DiPenta1998361
0%
Donskoi2010499
0%
Doyle19937161
0%
Duerden1995480
0%
Duffy20054104
0%
Durocher20106153
0%
Eade20004115
0%
Eagles19997198
0%
Fagerblom20147182
0%
Fidler20145143
0%
Finkelstein20167195
0%
Foster20055161
0%
Fried2000377
0%
Gaiduchenko20077202
0%
Gallacher2010493
0%
Geris19945105
0%
Gildon2017366
0%
Glass20039265
0%
Globke2002240
0%
Grimaldi2011233
0%
Gustafsson199411261
0%
Hafner20028232
0%
Hagman1999370
0%
Hawryluk2014232
0%
Hecimovic20039264
0%
Heponiemi2017240
0%
Hodges2012384
0%
Horton200313
0%
Huselius1997247
0%
Hyman20105123
0%
Jaakola20025134
0%
Jacobs19988203
0%
Jardine1998489
0%
Jenks20084100
0%
Johner20016169
0%
John Lee20075131
0%
Johnson1994236
0%
Jovanovski199411
0%
Kadlec20038234
0%
Ketcheson19987176
0%
Khlopotnov19968209
0%
Kinnunen20187207
0%
Koivisto20017200
0%
Kolyachonok2019252
0%
Kosov20115124
0%
Kreps2003238
0%
Krygier20187201
0%
Kuba19958192
0%
Kulikov2009114
0%
Kvasha1996365
0%
Lammikko2014365
0%
Laniel1999380
0%
LaPoint20064116
0%
Legault2005493
0%
Lehterä199410235
0%
Lemanowicz19959218
0%
Lojek20034105
0%
Long19965129
0%
MacDonald19935109
0%
MacDonald1995236
0%
Majeský20019267
0%
Malec2001364
0%
Malgin20154102
0%
Mamin20166175
0%
Markström2008231
0%
Matt Rust20074101
0%
McArdle2005120
0%
McCauley1993483
0%
McCormick19994103
0%
McFarland2010233
0%
McNeill2001368
0%
Megan20095138
0%
Meyer2003255
0%
Montembeault2015377
0%
Montreuil199311265
0%
Nasby20045152
0%
Nasreddine19936135
0%
Nässén2016389
0%
Nemirovsky1994484
0%
Nielsen20127194
0%
Nilson1996120
0%
Novoseltsev1997495
0%
O'Connor2000382
0%
O'Dette19947157
0%
O'Grady1995362
0%
Olson20006190
0%
Ovington19986148
0%
Pakarinen20117184
0%
Palmer19977183
0%
Parley20004120
0%
Parthenais19975127
0%
Pemberton20034124
0%
Petrovic2010236
0%
Plante2005232
0%
Podollan1994231
0%
Poirier19966156
0%
Racine2011387
0%
Rau2011391
0%
Repik2007240
0%
Repo20176184
0%
Robak2008246
0%
Rossiter1998230
0%
Roussin20037223
0%
Rybinski20195136
0%
Sapozhnikov2000258
0%
Sarich19994109
0%
Schafer20044105
0%
Schueller19978211
0%
Schütz20186170
0%
Shantz2004237
0%
Shaw2011376
0%
Shea20157192
0%
Shore2009244
0%
Shvidki1999112
0%
Smith1997374
0%
Smith19969235
0%
Sommerfeld20008253
0%
Spacek19985117
0%
Sprukts20008234
0%
Stasyuk20036171
0%
Stewart2003125
0%
Swanson20026169
0%
Taticek200219
0%
Tetarenko1996482
0%
Thompson20015136
0%
Thompson19938187
0%
Timmins20096165
0%
Tjälldén1993367
0%
Tjärnqvist1995488
0%
Travis20035141
0%
Tuma20035162
0%
Vuorio20026196
0%
Ward1998363
0%
Warrener1994227
0%
Washburn1993378
0%
Watson2001234
0%
Watson20077191
0%
Weekes1993241
0%
Wegwerth2014492
0%
Weiss200114
0%
Wichser19989231
0%
Wilkie20156162
0%
Wilson20094107
0%
Wittchow20116154
0%
Woodford20014117
0%
Woods19996169
0%
Yachmenyov20027200
0%

Score Distribution

Percentile by Number Answered

Percent of People with Each Score

Your Score History

You have not taken this quiz